<?xml version="1.0" encoding="UTF-8"?>
<collection xmlns="http://www.loc.gov/MARC21/slim">
    <record>
        <controlfield tag="001">58552</controlfield>
        <controlfield tag="005">20190709135424.0</controlfield>
        <datafield tag="024" ind1="7" ind2=" ">
            <subfield code="2">doi</subfield>
            <subfield code="a">10.1016/j.ifset.2016.12.008</subfield>
        </datafield>
        <datafield tag="024" ind1="8" ind2=" ">
            <subfield code="2">sideral</subfield>
            <subfield code="a">97697</subfield>
        </datafield>
        <datafield tag="037" ind1=" " ind2=" ">
            <subfield code="a">ART-2017-97697</subfield>
        </datafield>
        <datafield tag="041" ind1=" " ind2=" ">
            <subfield code="a">eng</subfield>
        </datafield>
        <datafield tag="100" ind1=" " ind2=" ">
            <subfield code="0">(orcid)0000-0003-2612-5605</subfield>
            <subfield code="a">Saldaña, Guillermo</subfield>
            <subfield code="u">Universidad de Zaragoza</subfield>
        </datafield>
        <datafield tag="245" ind1=" " ind2=" ">
            <subfield code="a">Assessing the efficacy of PEF treatments for improving polyphenol extraction during red wine vinifications</subfield>
        </datafield>
        <datafield tag="260" ind1=" " ind2=" ">
            <subfield code="c">2017</subfield>
        </datafield>
        <datafield tag="506" ind1="0" ind2=" ">
            <subfield code="a">Access copy available to the general public</subfield>
            <subfield code="f">Unrestricted</subfield>
        </datafield>
        <datafield tag="520" ind1="3" ind2=" ">
            <subfield code="a">The influence of the electric field intensity and pulse width on the improvement of total polyphenol index (TPI) and colour intensity (CI) during extraction in an ethanolic solution (30%) and during fermentation-maceration has been investigated in different grape varieties: Grenache from two harvesting times, Syrah and Tempranillo. The aim of this study was to develop a procedure to establish the PEF treatment conditions that cause enough permeabilization in the skin cells of different grape varieties to obtain a significant improvement in the vinification process in terms of increment on the polyphenol content or reduction of maceration time.Results obtained in this investigation indicate that extraction of polyphenols in a solution of ethanol (30%) for 2 h could be a suitable procedure to know if the PEF technology is effective for improving extraction of polyphenols from the grapes during vinification and to determine the most suitable PEF treatment conditions to obtain this objective. Improvement in the extraction during vinification only was observed with those grapes and under treatment conditions in which the improvement of the polyphenol extraction was higher than 40%. Other interesting observation from this research is the highest efficacy of PEF when treatments of the same duration are applied using longer pulses. Therefore, in a continuous process, where the flow processed is determined by the frequency applied by the PEF generator, it is possible to increase the processing capacity of the PEF installation.Industrial relevance.
Benefits from PEF treatment of the grapes before the maceration step in the vinification process have been demonstrated. Nevertheless, the characteristics of the grapes may change in different vintages and grape varieties. Therefore, it is of high importance to be able to determine the optimum PEF conditions in order to obtain the desired benefit during the vinification. The rapid method developed permits to determine PEF process parameters before the application of the PEF treatment with the objective of facilitating the phenolic extraction and therefore, reducing the maceration time. In these cases, it would be possible to remove the skins from the rest of the wine earlier, and therefore, increase the processing capacity of the winery.</subfield>
        </datafield>
        <datafield tag="536" ind1=" " ind2=" ">
            <subfield code="9">This project has received funding from the European Union’s Horizon 2020 research and innovation program under grant agreement No H2020 635632-FieldFOOD</subfield>
            <subfield code="9">info:eu-repo/grantAgreement/EC/H2020/635632/EU/Integration of PEF in food processing for improving food quality, safety and competitiveness/FieldFOOD</subfield>
        </datafield>
        <datafield tag="540" ind1=" " ind2=" ">
            <subfield code="9">info:eu-repo/semantics/openAccess</subfield>
            <subfield code="a">by-nc-nd</subfield>
            <subfield code="u">http://creativecommons.org/licenses/by-nc-nd/3.0/es/</subfield>
        </datafield>
        <datafield tag="590" ind1=" " ind2=" ">
            <subfield code="a">3.116</subfield>
            <subfield code="b">2017</subfield>
        </datafield>
        <datafield tag="591" ind1=" " ind2=" ">
            <subfield code="a">FOOD SCIENCE &amp; TECHNOLOGY</subfield>
            <subfield code="b">25 / 133 = 0.188</subfield>
            <subfield code="c">2017</subfield>
            <subfield code="d">Q1</subfield>
            <subfield code="e">T1</subfield>
        </datafield>
        <datafield tag="592" ind1=" " ind2=" ">
            <subfield code="a">1.201</subfield>
            <subfield code="b">2017</subfield>
        </datafield>
        <datafield tag="593" ind1=" " ind2=" ">
            <subfield code="a">Chemistry (miscellaneous)</subfield>
            <subfield code="c">2017</subfield>
            <subfield code="d">Q1</subfield>
        </datafield>
        <datafield tag="593" ind1=" " ind2=" ">
            <subfield code="a">Industrial and Manufacturing Engineering</subfield>
            <subfield code="c">2017</subfield>
            <subfield code="d">Q1</subfield>
        </datafield>
        <datafield tag="593" ind1=" " ind2=" ">
            <subfield code="a">Food Science</subfield>
            <subfield code="c">2017</subfield>
            <subfield code="d">Q1</subfield>
        </datafield>
        <datafield tag="655" ind1=" " ind2="4">
            <subfield code="a">info:eu-repo/semantics/article</subfield>
            <subfield code="v">info:eu-repo/semantics/publishedVersion</subfield>
        </datafield>
        <datafield tag="700" ind1=" " ind2=" ">
            <subfield code="0">(orcid)0000-0002-5049-3646</subfield>
            <subfield code="a">Cebrián, Guillermo</subfield>
            <subfield code="u">Universidad de Zaragoza</subfield>
        </datafield>
        <datafield tag="700" ind1=" " ind2=" ">
            <subfield code="0">(orcid)0000-0003-0865-4159</subfield>
            <subfield code="a">Abenoza, María</subfield>
            <subfield code="u">Universidad de Zaragoza</subfield>
        </datafield>
        <datafield tag="700" ind1=" " ind2=" ">
            <subfield code="0">(orcid)0000-0002-5086-7839</subfield>
            <subfield code="a">Sánchez-Gimeno, Cristina</subfield>
            <subfield code="u">Universidad de Zaragoza</subfield>
        </datafield>
        <datafield tag="700" ind1=" " ind2=" ">
            <subfield code="0">(orcid)0000-0003-2430-858X</subfield>
            <subfield code="a">Alvarez, Ignacio</subfield>
            <subfield code="u">Universidad de Zaragoza</subfield>
        </datafield>
        <datafield tag="700" ind1=" " ind2=" ">
            <subfield code="0">(orcid)0000-0003-3957-9091</subfield>
            <subfield code="a">Raso, Javier</subfield>
            <subfield code="u">Universidad de Zaragoza</subfield>
        </datafield>
        <datafield tag="710" ind1="2" ind2=" ">
            <subfield code="1">2008</subfield>
            <subfield code="2">780</subfield>
            <subfield code="a">Universidad de Zaragoza</subfield>
            <subfield code="b">Dpto. Produc.Animal Cienc.Ali.</subfield>
            <subfield code="c">Área Tecnología de Alimentos</subfield>
        </datafield>
        <datafield tag="773" ind1=" " ind2=" ">
            <subfield code="g">39 (2017), 179–187</subfield>
            <subfield code="p">Innov. food sci. emerg. technol.</subfield>
            <subfield code="t">Innovative Food Science &amp; Emerging Technologies</subfield>
            <subfield code="x">1466-8564</subfield>
        </datafield>
        <datafield tag="856" ind1="4" ind2=" ">
            <subfield code="s">2285432</subfield>
            <subfield code="u">http://zaguan.unizar.es/record/58552/files/texto_completo.pdf</subfield>
            <subfield code="y">Versión publicada</subfield>
        </datafield>
        <datafield tag="856" ind1="4" ind2=" ">
            <subfield code="s">114128</subfield>
            <subfield code="u">http://zaguan.unizar.es/record/58552/files/texto_completo.jpg?subformat=icon</subfield>
            <subfield code="x">icon</subfield>
            <subfield code="y">VersiÃ³n publicada</subfield>
        </datafield>
        <datafield tag="909" ind1="C" ind2="O">
            <subfield code="o">oai:zaguan.unizar.es:58552</subfield>
            <subfield code="p">articulos</subfield>
            <subfield code="p">driver</subfield>
        </datafield>
        <datafield tag="951" ind1=" " ind2=" ">
            <subfield code="a">2019-07-09-11:28:29</subfield>
        </datafield>
        <datafield tag="980" ind1=" " ind2=" ">
            <subfield code="a">ARTICLE</subfield>
        </datafield>
    </record>

    
</collection>